000 nam a22 a 4500
999 _c1750
_d1750
005 20170511150945.0
008 170511b M ||||| |||| 00| 0 eng d
040 _aAKMAL
082 _a338.7025595 SIR
090 _a338.7025595
_bSIR
245 _aSIRIM QAS
_bDIRECTORY OF CERTIFIED PRODUCTS AND COMPANIES 2000
260 _aSHAH ALAM
_bSIRIM QAS
300 _a306 pg
_c24cm
942 _2ddc
_cBOOK